Statistiken für Fünf bevölkerungsreichste Metropolen pro Kontinent

Klicken Sie hier um das Quiz zu spielen!

Allgemein

  • Dieses Quiz wurde 14.157 mal gespielt
  • Das Durchschnittsergebnis liegt bei 18 aus 30

Antwortstatistiken

KontinentStadt% Korrekt
EuropaParis
96%
EuropaLondon
95%
NordamerikaNew York City
93%
EuropaMoskau
92%
OzeanienSydney
88%
NordamerikaLos Angeles
84%
AsienTokio
84%
SüdamerikaRio de Janeiro
83%
EuropaMadrid
81%
NordamerikaMexiko-Stadt
76%
AfrikaKairo
75%
SüdamerikaBuenos Aires
67%
EuropaIstanbul
65%
AsienShanghai
65%
OzeanienMelbourne
63%
SüdamerikaSão Paulo
61%
NordamerikaChicago
55%
AfrikaJohannesburg
55%
AsienDelhi
47%
SüdamerikaLima
47%
SüdamerikaBogotá
46%
OzeanienPerth
46%
NordamerikaWashington D.C.
46%
AfrikaLagos
43%
AsienJakarta
39%
OzeanienAuckland
38%
OzeanienBrisbane
31%
AfrikaKinshasa
30%
AsienGuangzhou
27%
AfrikaLuanda
14%

Verteilung der Resultate

Perzentil nach korrekt beantworteten Fragen

Anzahl Personen mit jedem Resultat

Ihre Resultats-Entwicklung

Sie haben dieses Quiz noch nicht gespielt